[Event "Morelia/Linares 24th"]
[Site "Morelia/Linares"]
[Date "2007.02.19"]
[Round "3"]
[White "Morozevich, Alexander"]
[Black "Aronian, Levon"]
[Result "1/2-1/2"]
[WhiteElo "2741"]
[BlackElo "2744"]
[Annotator "Marin,M"]
[PlyCount "85"]
[EventDate "2007.02.17"]
[EventType "tourn"]
[EventRounds "14"]
[EventCountry "ESP"]
[EventCategory "20"]
[SourceTitle "CBM 117"]
[Source "ChessBase"]
[SourceDate "2007.03.30"]
[SourceVersion "1"]
[SourceVersionDate "2007.03.30"]
[SourceQuality "1"]

1. d4 Nf6 2. c4 e6 3. Nf3 d5 4. Nc3 Bb4 5. cxd5 exd5 6. Bg5 Nbd7 7. e3 c5 8.
Be2 Qa5 9. O-O O-O 10. Nd2 $5 {A new move. Of course, Morozevich does not
allow such details as the loss of a pawn to distract him from his plans.} ({
Aronian had recent pleasant memories after the more common continuation} 10.
Qc2 Bxc3 11. bxc3 Ne4 12. c4 cxd4 13. cxd5 Re8 14. Rad1 h6 15. Bh4 dxe3 16.
fxe3 Nc3 17. Be1 Rxe3 18. Bd3 Qc5 19. Qxc3 Rxe1+ 20. Qxc5 Rxf1+ 21. Bxf1 Nxc5
22. Ne5 Nd7 {and White did not obtain sufficient compensation for the pawn.
Given the fact that the position is simplified, the d-pawn is not too
dangerous. Radjabov,T (2729)-Aronian,L (2744)/Wijk aan Zee 2007/ (0-1, 65)})
10... Bxc3 {Psychologically, it is hard to refuse such a gift. It would mean
that Black's previous play, based on the concentration of forces on the
queenside was somewhat pointless. Besides, the threat Nb3 was rather annoying.}
({The alternate way to parry Nb3 was} 10... c4 {, renewing the threat of ...
Bxc3. However, releasing the tension so easily would have allowed White obtain
the initiative in the centre with} 11. Qc2 Re8 12. Bf3 {preparing e4. We can
see that the bishop is better placed than on f5 (as happens in the lines based
on Bd3), because it puts pressure on the long diagonal and does not face the
danger of being exchanged for the relatively passive c8-bishop.}) 11. bxc3 ({
The intermediate} 11. Nb3 $2 {does not work because of} Qa4 {(A nice
stablesquare for Her Majesty)} 12. bxc3 Ne4 $17) 11... Qxc3 12. Rc1 Qa3 13.
dxc5 {This is the kind of position White has aimed for: he has the better
development, a strong pair of bishops and a firm control over the dark squares.
} Qxa2 {The least Black can do is win a pawn to compensate for the strategic
drawbacks of his position.} 14. Bf4 $5 {The bishop has done its job on g5. By
retreating to f4, it avoids being attacked by an eventual ...Ne4 and takes
another important diagonal under control. The generally desirable developing
move ...Ne5 is prevented and in certain cases the bishop could go to d6.} Re8 {
A multi purpose move and, possibly, the only reasonable continuation. Black
enables both ...Ne5 and ...Nf8, in order to prepare the development of the
queenside.} ({He is not prepared to undermine the c5-pawn with} 14... b6 {
because of} 15. c6 Nc5 16. Be5 {with strong pressure. The immediate threat is
Ra1, trapping the enemy queen.}) ({As pointed out by Shipov, the attempt to
transfer the queen's knight to c6 with} 14... Nb8 {would be strongly met by}
15. Be5 $1) 15. Nf3 {Not only preparing the transfer of the knight to d4, but
also preventing Black's planned ...Ne5.} (15. Nb3 {allows Black complete his
development with} Ne5 (15... Ne4 16. f3 Nef6 17. Bb5 a6 18. Ra1 Qb2 19. Qd3 $16
) 16. Nd4 Bd7) 15... Ne4 16. Bb5 {The best way to defend the c5-pawn.} a6 $5 {
The importance of this move will become clear soon.} 17. Ba4 $1 ({Very
ambitious.} 17. Bxd7 {would have led to approximate equality after} Bxd7 18.
Ra1 Qb2 (18... Qc4 $6 {would lose the exchange after} 19. Ne5) 19. Qxd5 $11)
17... Nexc5 $5 {The final consequences of the tactical operation initiated by
this move are hard to evaluate, but Black had no other way to complete his
development.} 18. Rxc5 Nxc5 19. Bxe8 Be6 {Now we can see Aronian's point. It
suddenly appears that White's extra-bishop is trapped. The control over the
b5-square is essential for the net surrounding the bishop. However, White has
not exhausted his resources yet.} 20. Be5 $3 {The enthusiastic evaluation of
this move has an elevated degree of subjectivism, based on the admiration of
its unexpected and original character.} ({White would have retained strong
compensation with the more natural} 20. Bxf7+ Bxf7 21. Be5 $1 {, but
Morozevich has more ambitious plans: he wants to eliminate the g7-pawn, in
order to leave the enemy king with chronic problems of safety.}) 20... Rxe8 21.
Bxg7 $1 Kxg7 {After the weakening of the kingside dark squares, Black should
not allow this bishop remain on board.} (21... Qa4 {would not change anything
because of} 22. Qd2 {and if} Kxg7 {then} 23. Qc3+ {with similar play as in the
game. It should be mentioned that} d4 $2 {, aiming to unblock the d4-square,
is bad because of} 24. Nxd4 {when White will retrieve all the sacirficed
material, retaining all his other trumps.}) 22. Qd4+ Kg8 23. Qxc5 Qc4 24. Qd6 {
In spite of the radical structural modifications and some simplifications, the
evaluation of the position remains the same: the weakness of the dark squares
offers White sufficient compensation. The knight is much stronger than the
bishop, but the queenside pawns should not be underestimated. Just remember
the second game from the Elista match...} Rc8 25. h3 {This move not only
ensures White against back rank problems, but also prevents ...Bg4.} Qc7 {
In the next phase of the game, Aronian will constantly harrass the enemy queen,
in order to prevent White from regrouping properly for a kingside attack.
However, this approach will fail, because once in a while White will make some
small progress, while Black will practically remain immobile.} 26. Qb4 a5 27.
Qh4 Qc2 28. Nd4 Qe4 29. Qe7 b6 ({In his annotations for Chess Today, Maxim
Notkin recommends} 29... Kh8 {with the idea of ...Rg8, aiming to use the
g-file for counter-attack. However, this can be easily prevented with} 30. Qf6+
Kg8 31. Kh2 Qg6 (31... Re8 32. f4 Qg6 33. Qh4 {forces Black to play} f5 {
which is hardly appealing.}) 32. Qe7 Kh8 33. Qxb7 ({Notkin only analises} 33.
f4 Bxh3 $1 $11 {withperpetual in all lines}) 33... Rg8 34. g3 {Black is still
far from reaching a draw. The material situation is equal, but White's
strategic advantage persists even in case of further simplifications.} Qh6 35.
Nxe6 $5 (35. h4 Qf6 (35... Rg4 36. Qe7 $16 {defends the kingside and prepares
the activation of the rook.}) 36. Qa6 Rg4 37. Qxa5 Rxh4+ 38. Kg1 Rg4 39. Rb1 h5
$14) 35... fxe6 36. Qa6 $16) 30. Kh2 Bf5 {The transfer of the bishop to g6
does not seem like a good idea, as it will provide White with a simple
attacking plan. However, Black's position is not easy to handle. The most
difficult thing is to discern between real threats and imaginary ones.} (30...
Kh8 31. Qf6+ Kg8 32. f4 Qg6 33. Qe7 $18 {[%csl Ge6][%cal Rf4f5]}) 31. Qf6 Bg6
32. f4 {Suddenly, Black is in great trouble.} Qxe3 33. Rf3 Qc1 34. Rg3 Qa1 35.
f5 ({This is winning, of course, but slightly more precise would have been} 35.
h4 {, threatening h5-h6 followed by Qg7 mate. In case of} h5 {, the move} 36.
f5 {is even stronger than in the game, because the g6-square has been weakened.
I would allow myself a small digression. I am currently involved in our
national championship (which partly explains why my comments are more
superficial than usual). In the same day when the current game was played, I
obtained a similar attacking position against GM Grigore, but failed to
convert it into a win because I did not play h4 at the right moment... However,
the coincidence is only relative, as Morozevich should still win after the
game move, although by less obvious means...}) 35... Rc1 36. Re3 Rh1+ 37. Kg3
Re1 38. Rf3 ({White had a fantastic attacking continuation:} 38. Qd8+ Kg7 39.
f6+ Kh6 40. Kh4 $3 {. Taking over the g5- and h5-squares to the enemy king and
threatening mate in one on f8.} Qxd4+ ({If} 40... Be4 {then} 41. Qf8+ Kg6 42.
Qg7# {and the f5=square is taken away from the enemy king by the knight}) 41.
g4 {and it is all over. Again,} Bc2 {does not help because fater} 42. Qf8+ Kg6
43. Qg7# {the g4-pawn has replaced the knight for the job of controlling the
f5-square.}) 38... Rf1 39. fxg6 $2 ({Finally allowing Black to escape dry out
of the deepest water.} 39. Qd8+ {would have still won, in similar way as in
the rpevious variation.}) 39... Rxf3+ 40. Qxf3 Qe1+ 41. Kf4 hxg6 42. Qxd5 Qf2+
43. Nf3 {After 43...Qxg2 White will not have sufficient pawns left to retain
winning chances.} 1/2-1/2

[Event "American Continental 14th"]
[Site "Montevideo"]
[Date "2018.06.08"]
[Round "9"]
[White "Xiong, Jeffery"]
[Black "Mekhitarian, Krikor Sevag"]
[Result "1/2-1/2"]
[WhiteElo "2656"]
[BlackElo "2546"]
[Annotator "Mekhitarian,K"]
[PlyCount "83"]
[EventDate "2018.06.01"]
[EventType "swiss"]
[EventRounds "11"]
[EventCountry "URU"]
[SourceTitle "CBM 185"]
[Source "ChessBase"]
[SourceDate "2018.07.13"]
[SourceVersion "1"]
[SourceVersionDate "2018.07.13"]
[SourceQuality "1"]

1. d4 Nf6 2. c4 e6 3. Nf3 d5 4. Nc3 Bb4 5. cxd5 exd5 6. Qa4+ Nc6 7. Bg5 h6 8.
Bxf6 Qxf6 9. e3 O-O 10. Be2 Be6 11. a3 (11. O-O {is the most common move, but
it allows Black to reach a perfect setup with ...a6, bringing the bishop back
to d6} a6 $1 12. Rfc1 Bd6 $1) 11... Bxc3+ (11... Bd6 {is a move I played on
some occasions, including against the ex-world champion Topalov in a rapid
game, in 2016.} 12. Nb5 Bg4 13. Nxd6 (13. Rc1 a6 14. Nxd6 Qxd6 15. Qc2 Rac8 $2
(15... Rfc8 16. O-O (16. Ng5 $4 {does not work now:} Bxe2 17. Qh7+ Kf8 $19 {
this is the difference - Black is not getting mated and simply wins a piece.})
16... Ne7 17. h3 Bh5 18. Rfd1 c6 {achieving the ideal setup.} 19. Ne1 Bxe2 20.
Qxe2 Nf5 21. Nd3 Qe7 $1 {[%cal Rf5d4]} 22. Re1 Re8 23. Qg4 Nd6 $15 {[%csl Rd6]
[%cal Gb2b4,Ga3a4,Gb4b5] 0-1 (70) Menna Barreto,L (2325)-Mekhitarian,K (2546)
Porto Alegre 2013 This is the perfect square for the knight in such positions.
Now I have prospects to advance my kingside, while the queenside is well
protected - the minority attack does not get there as long as the knight
stands on d6.}) 16. Ng5 $1 hxg5 17. Bxg4 Rce8 18. O-O g6 19. Qc5 Rd8 20. Qxd6
Rxd6 21. Rc5 $16 {[%csl Rc6][%cal Rf1c1,Rg4f3,Rb2b4] 1-0 (34) Topalov,V (2780)
-Mekhitarian,K (2563) Caxias do Sul 2016 [Sevag] with a horrible endgame for
Black. There should be a pawn on c6, not a knight!}) (13. h3 $5 Bxf3 14. Bxf3
Ne7 15. O-O c6 16. Nxd6 Qxd6 17. Qc2 Nc8 18. b4 a6 $11 {½-½ (25) Mecking,H 
(2597)-Mekhitarian,K (2533) Rio de Janeiro 2018. Also should be fine for Black,
but here White has slightly better prospects, since the bishop on e2 may
support the minority attack.}) 13... Qxd6 14. b4 Ne7 15. O-O c6 16. b5) 12.
bxc3 Ne7 $1 {[%cal Re7c8,Rc8d6] Luckily I had checked this variation two days
before this game, when preparing against Canadian IM Panjwani and had fresh
ideas on my mind. I want to bring the knight to c8 and d6 quickly, reaching an
ideal post in these kind of structures.} 13. Rb1 (13. c4 c5 $1 {with good play
for Black}) (13. O-O Nc8 14. Ne5 Nd6 15. Rab1 Rfc8 16. Qb4 c5 $1 17. Qb2 Rc7
$15 {½-½ (46) Prasanna Raghuram,R (2466)-Rambaldi,F (2551) Kenner 2016, with
a preferrable position already.}) 13... Rfb8 $1 14. O-O Nc8 {It's always scary
to allow a move like Qe8+ at such an early stage of the game, but naturally,
Black is fine.} 15. Ne5 (15. Qe8+ {almost mate!} Kh7 16. Bd3+ g6 {[%cal Rc8d6]
and Black is simply fine.}) 15... Nd6 16. Qa5 Rc8 17. Bf3 b6 (17... c6 $5 $15 {
I didn't want to play like this, but here it makes sense. The main issue I was
thinking about is that White may play c4 if I stay too passive. But with his
bishop on f3, it is much harder now. Also, I have ideas with ...Bf5, ...Qe7
and ...f6 at some point hitting his knight, that suddenly looks weird on e5 
(if ...f6 happens).}) 18. Qa6 c5 {I was excited to play this move, which
brings me a fine position as well, but not more than equality should be hoped
for.} 19. Nd3 Ne4 {Forcing White to take on e4.} (19... cxd4 {this was my
initial idea, but then I changed my mind after seeing White's 21.Rb2 response.}
20. cxd4 Ne4 {[%cal Ge4d2]} 21. Rb2 (21. Bxe4 $2 {now is simply worse for
White:} dxe4 22. Nf4 $4 (22. Ne5 Qd8 {preparing ...f6 followed by ...Bc4} 23.
Rfc1 Rc7 $1 $17) 22... Bc4 $19) 21... g5 {with a complex position. I knew his
knight can't go to f4 now, but he may play Nb4, followed by a4 and a5.} 22. Nb4
$13 {[%cal Ga3a4]}) 20. Bxe4 dxe4 21. Nf4 (21. Ne5 $2 cxd4 {transposes to 19...
cxd4 and 21.Bxe4?!}) 21... cxd4 22. Nxe6 $1 Qxe6 (22... dxe3 $4 {almost traps
the knight, but 23.Nd4 escapes} 23. Nd4 $18) 23. cxd4 {In this endgame White
plans to play a4-a5, creating a weakness on a7 and then make use of his strong
central protected passed pawn on d4.} Qc4 $1 24. Qb7 Qc6 $1 (24... Qd3 $6 25.
Rbc1 $1 $16) (24... f5 $2 {just weakens too much.} 25. a4 $1 $16 {and Black
will be in trouble soon.}) 25. Qa6 Qc4 26. Qb5 {White tries to play on for a
win!} Qxb5 27. Rxb5 Rc3 28. a4 Ra3 29. Rb4 (29. a5 {looks fine for Black:} Rxa5
30. Rxa5 bxa5 31. Ra1 Rb8 32. g4 Rb5 33. Kg2 Kf8 34. Kg3 {[%cal Gg3f4]
threatening Kf4} g5 $11 {with balanced chances.}) (29. Rc1 $5 {was a risky,
but interesting try} Rxa4 30. g4 $1 {[%csl Re4] A typical move to emphasise
the weakness on e4} Rb8 31. Rc7 a6 (31... a5 $5 32. Rf5 f6 33. Rd5 Kh7 34. Rdd7
Rg8 $13 {is also playable.}) 32. Rf5 f6 33. Rd5 Ra5 $1 $132 {preparing a
defence with ...Rg5.}) 29... Rc8 30. g4 Rc6 (30... Rc2 {was cleaner, but I did
not pay much attention to it.} 31. d5 Rd3 32. Rxe4 Kf8 $1 $11 {followed by ...
Rxd5, with equality} (32... Rxd5 {also should be fine:} 33. Re8+ Kh7 34. Re7
Rc4 $1 $11)) 31. d5 Rg6 (31... Rc5 $1 {was a simple move; I missed this idea
as well.} 32. Rxe4 (32. Rd4 Rd3 33. Rd1 Rxd1+ 34. Rxd1 Kf8 $11 {White should
even be careful here.}) 32... Rxd5 $11) 32. Rd1 (32. Rxe4 Rd3 $1 {and Black is
fine.}) (32. h3 Rd3 33. Rxe4 Rxd5 $11) 32... Rxg4+ 33. Kf1 Rc3 $1 {Forced,
otherwise White is just queening his d5-pawn.} (33... Kf8 $4 34. d6 Ke8 35. d7+
Kd8 36. Rc4 $18 {[%cal Gc4c8]}) 34. a5 (34. d6 Rc8 35. Rc4 $5 {was an
interesting try:} Rd8 36. Rc7 {During the game, I was relaxed that I wouldn't
have problems after ...Rg6 and ...Kf8 here.} Rg6 37. d7 {[%cal Rc7c8]} Kf8 38.
Rxa7 Ke7 39. Rd4 f5 40. Rd5 Ke6 $1 {with this precise move, Black should be
just fine.} 41. Rd4 Ke7 $11) (34. h3 {This was something that scared me a
little bit. Now I have to decide if I give the pawn back with 34...Rg6 or hold
on to it with 34...Rh4. I was more inclined to give back the pawn:} Rg6 (34...
Rh4 35. d6 Rc8 {still looks fine, but it's always a bit dodgy to have a rook
on h4 while there is stuff happening in the centre.} 36. d7 Rd8 $11 {[%cal
Rg8f8,Rf8e7]}) 35. Rxe4 Kf8 36. d6 Rc8 $11 {and Black is fine.}) 34... Kf8 35.
axb6 axb6 36. Rxb6 Rc8 37. Rb4 f5 {And the game is over now.} 38. d6 Rg6 39.
Rb5 Rf6 40. Kg2 Rd8 41. Kg3 f4+ $1 42. exf4 {A draw was agreed here, the
position is completely equal after Black takes the d6-pawn.} 1/2-1/2

[Event "Metz op 30th"]
[Site "Metz"]
[Date "2012.04.23"]
[Round "3"]
[White "Eingorn, Vereslav S"]
[Black "Sanikidze, Tornike"]
[Result "1/2-1/2"]
[WhiteElo "2569"]
[BlackElo "2549"]
[Annotator "Metz Alekhine/Primel,D"]
[PlyCount "53"]
[EventDate "2012.04.14"]
[EventType "swiss"]
[EventRounds "9"]
[EventCountry "FRA"]
[SourceTitle "EXT 2013"]
[Source "ChessBase"]
[SourceDate "2012.11.22"]
[SourceVersion "1"]
[SourceVersionDate "2012.11.22"]
[SourceQuality "1"]

1. d4 d5 2. c4 e6 3. Nf3 Nf6 4. Nc3 Bb4 (4... Be7) 5. cxd5 exd5 6. Qa4+ Nc6 7.
Bg5 h6 8. Bxf6 Qxf6 9. e3 O-O 10. Be2 a6 (10... Be6 11. a3 Bd6 12. Nb5 Bg4 13.
Nxd6 {1/2-1/2 (13) Jakovenko,D (2724)-Wojtaszek,R (2713) Poikovsky 2012}) 11.
a3 Bxc3+ 12. bxc3 b5 $146 {[%csl Rc3] Une nouveauté intéressante: la case "c6"
est un peu affaibli mais en contrepartie, les Noirs gagnent un tempo sur la Q
tout en fixant la faiblesse "c3"} (12... Be6 13. O-O Rfb8 14. Qb3 Na5 15. Qb4
b6 16. a4 Qd8 17. Rad1 c6 18. Ne5 Qc7 19. Qb1 b5 20. Qa2 Nc4 21. Nd3 Bf5 22.
Nc5 Nd6 23. Ra1 Ne4 24. axb5 Nxc3 25. Qd2 Nxe2+ 26. Qxe2 axb5 27. Na6 Qa7 28.
Nxb8 Qxa1 29. Nxc6 Qa3 30. Qd2 Bd3 31. Rc1 Bc4 32. h3 Ra6 33. Nb4 Rg6 34. Qc3
Qa7 35. Ra1 Qe7 36. Ra6 Rxa6 37. Nxa6 Qe4 38. Nb4 Qb1+ 39. Kh2 Qf1 40. Qd2 Qa1
41. f3 Qb1 42. Nc6 {Bu Xiangzhi (2677)-Hou,Y (2602) Xinghua Jiangsu 2011 1/2-1/
2}) 13. Qb3 Be6 $11 {[%csl Gc4]} 14. a4 Na5 15. Qb4 Nc4 $5 (15... Nc6 16. Qb3
Na5 {Les Noirs auraient problement pris la nulle}) 16. axb5 axb5 17. O-O c6 18.
Bxc4 bxc4 19. Ne5 Rxa1 (19... Qg5 $5 {[%cal Ge6h3]}) 20. Rxa1 Rc8 21. Qb7 c5
$132 22. Ra8 Rxa8 23. Qxa8+ Kh7 24. Nf3 Qg6 25. Qa1 cxd4 26. Nxd4 Bh3 27. Qf1
1/2-1/2

[Event "Metz op 30th"]
[Site "Metz"]
[Date "2012.04.23"]
[Round "2"]
[White "Lalic, Bogdan"]
[Black "Cornette, Matthieu"]
[Result "1-0"]
[WhiteElo "2465"]
[BlackElo "2545"]
[Annotator "Metz Alekhine/Primel,D"]
[PlyCount "83"]
[EventDate "2012.04.14"]
[EventType "swiss"]
[EventRounds "9"]
[EventCountry "FRA"]
[SourceTitle "EXT 2013"]
[Source "ChessBase"]
[SourceDate "2012.11.22"]
[SourceVersion "1"]
[SourceVersionDate "2012.11.22"]
[SourceQuality "1"]

1. d4 Nf6 {01h30} 2. c4 e6 3. Nf3 d5 4. Nc3 Bb4 (4... Be7) 5. Bg5 h6 6. Bxf6
Qxf6 7. Qb3 (7. e3) 7... c5 8. cxd5 exd5 9. a3 Bxc3+ 10. Qxc3 Nd7 {88} 11. e3
O-O 12. Be2 b6 13. O-O a6 (13... Bb7 14. a4 $5) (13... Bb7 14. Rfc1 c4 15. a4
a6 16. Qb4 Bc6 17. Ne1 b5 18. axb5 axb5 19. b3 Qg6 20. h3 Rfe8 21. Bf3 Nf8 22.
bxc4 bxc4 23. Rxa8 Rxa8 24. Qb6 Qd6 25. Nc2 Rb8 26. Qa5 Rb3 27. Ra1 Ne6 28. Bd1
Ng5 29. Ne1 Rb8 30. Bc2 g6 31. Qc3 Qe7 32. Ra6 Bb5 33. Ra5 Ne4 34. Qb2 Qe8 35.
Qa3 Ng5 36. Ra7 Bc6 37. h4 Ne6 38. Nf3 Ra8 39. Ne5 Rxa7 40. Qxa7 h5 41. Qb6 Ba8
42. Qa6 Nf8 43. Ba4 {Postny,E (2640)-Moiseenko,A (2715) Porto Carras 2011 1-0 
(63)}) 14. b3 Bb7 15. Rfc1 Rfc8 {79} 16. dxc5 Qxc3 17. Rxc3 Rxc5 18. Rac1 Rac8
19. Rxc5 Rxc5 $146 (19... bxc5 20. b4 c4 21. Nd4 Nb6 22. Bd1 Bc6 23. Kf1 Kf8
24. Ke1 g6 25. h4 Ke7 {1/2-1/2 (25) Vasquez Schroder,R (2445)-Mitkov,N (2515)
Elista 1998}) 20. Rxc5 Nxc5 21. Nd4 $14 {[%csl Rb7,Gd4,Rd5] La finale est un
peu meilleure pour les Blancs et LALIC aime jouer ce genre de position
technique} g6 22. h4 Ne6 23. f4 Nxd4 {Le français pensait pouvoir annuler
cette finale mais son B est assez mauvais} 24. exd4 {[%cal Gg2g4]} h5 $6 {
83 Il est naturel de vouloir empêcher la poussée g4 mais h5 accentue la
faiblesse du Bb7. Au surplus, le P"h5" attaqué par le Be2 peut aussi donner
des motifs d'attaque de minorité comme dans la partie} (24... Kg7 $142 {
Plus souple} 25. Kf2 Kf6 26. g4 $14 {[%cal Ge2d3,Gg4g5]}) 25. f5 $1 {[%cal
Gg1e3,Ge3f4] Non seulement les Blancs se débarassent d'une faiblesse mais ils
ouvrent le passage pour le K Blanc} Kg7 26. Kf2 Kf6 27. fxg6 fxg6 28. Kg3 {
[%cal Gg3f4]} Bc8 29. Kf4 $16 {[%csl Gf4]} a5 30. Bf3 Bb7 $6 (30... Be6 $142 {
Un peu plus actif} 31. g3 Bf7 {[%cal Gf7h5,Gf7d5,Gg6g5]}) 31. g3 Bc6 32. Bg2
Bb7 33. b4 $1 {Menace la poussée b4b5 qui risquerait de mettre les Noirs en
zugzwang} axb4 34. axb4 {[%csl Rb7][%cal Gb4b5]} Bc6 35. Bf3 b5 $2 {[%csl Rb5]
Créant une nouvelle faiblesse et les Noirs seront en zugzwang en quelques coups
} 36. g4 $1 hxg4 37. Bxg4 Be8 38. Bc8 Bc6 39. Kg4 Kg7 $22 40. Kg5 Kf7 41. Bg4 {
[%cal Gg4e2,Ge2d3]} Be8 42. Be2 {Une belle démonstration technique des Blancs}
1-0